Cảm xạ học và đời sống

Sparad:
Bibliografiska uppgifter
Huvudupphovsman: Dư Quang Châu
Materialtyp: Bok
Språk:Undetermined
Publicerad: Tp. HCM Thanh Niên 2000
Ämnen:
Taggar: Lägg till en tagg
Inga taggar, Lägg till första taggen!
Thư viện lưu trữ: Trung tâm Học liệu Trường Đại học Cần Thơ
LEADER 00551nam a2200193Ia 4500
001 CTU_36359
008 210402s9999 xx 000 0 und d
020 |b 62.000đ 
082 |a 133.323 
082 |b Ch125 
100 |a Dư Quang Châu 
245 0 |a Cảm xạ học và đời sống 
245 0 |c Dư Quang Châu, Trần văn Ba 
260 |a Tp. HCM 
260 |b Thanh Niên 
260 |c 2000 
650 |a alternative medicine,radiesthesia 
904 |i Minh, 000425 
980 |a Trung tâm Học liệu Trường Đại học Cần Thơ